logo

Bir Sreshtho Munshi Abdur Rouf Library
Jhenaidah Cadet College

বাঙালির অসমাপ্ত যুদ্ধ / (Record no. 14497)

MARC details
000 -LEADER
fixed length control field 00903nam a22002417a 4500
001 - CONTROL NUMBER
JCCL Control Number 14497
003 - CONTROL NUMBER IDENTIFIER
JCCL marc code BD-JhCC
005 - DATE AND TIME OF LATEST TRANSACTION
control field 20251218140758.0
008 - FIXED-LENGTH DATA ELEMENTS--GENERAL INFORMATION
fixed length control field 251218b |||||||| |||| 00| 0 eng d
020 ## - INTERNATIONAL STANDARD BOOK NUMBER
International Standard Book Number 9848139451
035 ## - SYSTEM CONTROL NUMBER
system control number (BD-JhCC)14497
040 ## - CATALOGING SOURCE
Original cataloging agency BD-JhCC
Modifying agency BD-JhCC
041 ## - LANGUAGE CODE
Language code of Book বাংলা
082 ## - DEWEY DECIMAL CLASSIFICATION NUMBER
DDC Edition number 23
Classification number 954.9205
Author mark and Year GAF 2024
100 ## - MAIN ENTRY--PERSONAL NAME
Personal name গাফফার চৌধুরী, আবদুল
245 ## - TITLE STATEMENT
Title বাঙালির অসমাপ্ত যুদ্ধ /
Statement of responsibility, etc আবদুল গাফফার চৌধুরী
246 ## - VARYING FORM OF TITLE
Title proper/short title Bangalir Ashamapta Juddah
260 ## - PUBLICATION, DISTRIBUTION, ETC. (IMPRINT)
Place of publication, distribution, etc ঢাকা:
Name of publisher, distributor, etc জ্যেৎস্না প্রকাশনী,
Date of publication, distribution, etc ২০২৪
300 ## - PHYSICAL DESCRIPTION
Pagination ২০৩ পৃ.;
Dimensions ২২ সেমি.
Accompanying material পেপার বাইন্ডিং
650 ## - SUBJECT ADDED ENTRY--TOPICAL TERM
Topical term or geographic name as entry element বাঙালির অসামাপ্ত যুদ্ধ
942 ## - ADDED ENTRY ELEMENTS (KOHA)
Source of classification or shelving scheme Dewey Decimal Classification
Koha item type Books
Holdings
Source of classification or shelving scheme Damaged status Not for loan Collection code Home library Current library Shelving location Date of accession Cost, normal purchase price Full call number Barcode Date last seen Copy number Method of acquisition Koha item type Currency
Dewey Decimal Classification     Non-fiction JCC Rouf Library JCC Rouf Library General Stacks 12/17/2025 460.00 954.9205 GAF 2024 20319 12/18/2025 C-1 Purchase Books BDT
Dewey Decimal Classification     Non-fiction JCC Rouf Library JCC Rouf Library General Stacks 12/18/2025 460.00 954.9205 GAF 2024 20320 12/18/2025 C-2 Purchase Books BDT

JCC Library | Contacts | JCC Home

Last Update on 23 September 2017
Copyright @ 2017-2020 JCC Rouf Library
Rouf Library, Jhenidah Cadet College (JCC), Bangladesh